Proceedings of the Malaysia-UK Programme Workshop ... 21-24 October 1996, Kuala Lumpur, Malaysia

Bibliographic Details
Corporate Author: WORKSHOP on Conservation, Management and Development of Forest Resources
Other Authors: Lee
Format: Book
Published: Kuala Lumpur : Institut Penyelidikan Perhutanan Malaysia , 1998
Subjects:

MARC

LEADER 00000cam a2200000 7i4500
001 0000000338
005 20040326.0
020 0 0 |a 9839592823 
090 0 0 |a JPSM 333.9516   |b WOR 1998 
110 1 0 |a WORKSHOP on Conservation, Management and Development of Forest Resources   |k 1996   |j Kuala Lumpur 
245 1 0 |a Proceedings of the Malaysia-UK Programme Workshop ... 21-24 October 1996, Kuala Lumpur, Malaysia   |c edited by Lee Su See ... [et al.] 
260 0 0 |a Kuala Lumpur :   |b Institut Penyelidikan Perhutanan Malaysia ,   |c 1998 
300 |a ii, 392 p. :   |b ill. ;   |c 26 cm. 
500 0 0 |a Jointly organised by Forestry Department Peninsular Malaysia, Forest Research Institute Malaysia, International Institute for Environment and Development (Environmental Economics Programme) 
650 0 0 |a Biological diversity conservation   |x Congresses 
650 0 0 |a Forest genetic resources conservation   |x Congresses 
650 0 0 |a Forest management   |x Congresses 
700 0 1 |a Lee   |h Su See 
998 |a JPSM 
999 |a 0000001497   |b Monograph   |c Reference   |e Default branch 
999 |a 0000001498   |b Monograph   |c Open Shelf   |e Default branch 
999 |a 0000001499   |b Monograph   |c Open Shelf   |e Default branch 
999 |a 0000001500   |b Monograph   |c Open Shelf   |e Default branch 
999 |a 0000001523   |b Monograph   |c Open Shelf   |e Default branch 
999 |a 0000001524   |b Monograph   |c Open Shelf   |e Default branch 
999 |a 0000001525   |b Monograph   |c Open Shelf   |e Default branch 
999 |a 0000002361   |b Monograph   |c Open Shelf   |e Default branch 
999 |a 0000002511   |b Monograph   |c Open Shelf   |e Default branch 
999 |a 0000002830   |b Monograph   |c Open Shelf   |e Default branch 
999 |a 0000004291   |b Monograph   |c Open Shelf   |e Default branch 
999 |a 0000004292   |b Monograph   |c Open Shelf   |e Default branch